000 00222 a2200097 4500
001 39898
100 _aLindbom Tage
245 _aThe Tares & Good Grain
260 _aLahore
_bSuhail Academy
_c1988
090 _c24894
_d24894
942 _aNUST-CAE
_cM
_c16551
999 _c274971
_d274971